Questions actuelles du syndicalisme

Guardado en:
Detalles Bibliográficos
Autor principal: Brun, Pierre le
Formato: Libro
Lenguaje:Undetermined
Publicado: Paris Editions du Seuil 1965
Materias:
Etiquetas: Agregar Etiqueta
Sin Etiquetas, Sea el primero en etiquetar este registro!
Thư viện lưu trữ: Trung tâm Học liệu Trường Đại học Cần Thơ
LEADER 00472nam a2200181Ia 4500
001 CTU_79256
008 210402s9999 xx 000 0 und d
082 |a 331.88 
082 |b B894 
100 |a Brun, Pierre le 
245 0 |a Questions actuelles du syndicalisme 
245 0 |c Pierre le Brun 
260 |a Paris 
260 |b Editions du Seuil 
260 |c 1965 
650 |a Labor unions 
650 |z France 
980 |a Trung tâm Học liệu Trường Đại học Cần Thơ